[Event "ARG-ch U18"]
[Site "Ibague"]
[Date "2024.03.17"]
[Round "6"]
[White "Claro Molinares, Samuel David"]
[Black "Gutierrez Pinzon, Sebastian"]
[Result "1/2-1/2"]
[WhiteElo "1899"]
[BlackElo "1763"]
[PlyCount "73"]
[EventDate "2024.03.14"]
[EventType "swiss"]
[EventRounds "7"]
[EventCountry "COL"]
[SourceTitle "CB12_2024"]
[SourceDate "2023.10.01"]
[SourceVersion "1"]
[SourceVersionDate "2023.10.01"]
[SourceQuality "1"]

1. e4 c5 2. Nf3 Nc6 3. d4 cxd4 4. Nxd4 Nf6 5. Nc3 e5 6. Ndb5 d6 7. Bg5 a6 8. Na3 b5 9. Nd5 Be7 10. Bxf6 Bxf6 11. c3 0-0 12. Nc2 Rb8 13. a4 bxa4 14. Ncb4 Nxb4 15. cxb4 Bb7 16. Rxa4 Qc8 17. Be2 Bxd5 18. exd5 Rb6 19. 0-0 Qb7 20. Qd2 h6 21. Bc4 Bg5 22. Qc3 Rb8 23. Rfa1 Rxb4 24. b3 e4 25. Qe1 Rxa4 26. Rxa4 e3 27. fxe3 Re8 28. Rxa6 Rxe3 29. Qb1 Rc3 30. Qe4 f5 31. Qe6+ Kh8 32. Ra1 Qb6+ 33. Kh1 Qf2 34. Ra8+ Kh7 35. Qg8+ Kg6 36. Qe8+ Kh7 37. Qg8+ 1/2-1/2

[Event "COL-chT"]
[Site "Risaralda"]
[Date "2023.11.21"]
[Round "4.2"]
[White "Figueroa Navarro, Juan Jose"]
[Black "Claro Molinares, Samuel David"]
[Result "1-0"]
[WhiteElo "1960"]
[BlackElo "1825"]
[PlyCount "71"]
[EventDate "2023.11.19"]
[EventType "team-swiss"]
[EventRounds "7"]
[EventCountry "COL"]
[SourceTitle "CB49_2023"]
[SourceDate "2023.12.06"]
[SourceVersion "1"]
[SourceVersionDate "2023.12.06"]
[SourceQuality "1"]
[WhiteTeam "Narino"]
[BlackTeam "Norte de Santander"]
[WhiteTeamCountry "COL"]
[BlackTeamCountry "COL"]

1. d4 Nf6 2. c4 g6 3. Nc3 Bg7 4. e4 d6 5. h3 Nbd7 6. Bg5 0-0 7. Bd3 c5 8. d5 h6 9. Be3 e6 10. Nf3 exd5 11. exd5 Nh7 12. Qd2 g5 13. Qc2 Nhf6 14. g4 Qa5 15. 0-0-0 a6 16. h4 Nxg4 17. hxg5 Bxc3 18. bxc3 f5 19. Rdg1 Nde5 20. Nxe5 Nxe5 21. Rxh6 Qa3+ 22. Kd1 Bd7 23. Ke2 Ba4 24. Qd2 Nxd3 25. Kxd3 Rae8 26. Rgh1 Re4 27. Rh8+ Kg7 28. R1h7+ Kg6 29. Rh6+ Kg7 30. R6h7+ Kg6 31. Qe2 Rg4 32. Rh6+ Kg7 33. Bxc5 Bc2+ 34. Kd2 Re4 35. R6h7+ Kg6 36. Qh5# 1-0

[Event "COL-chT"]
[Site "Risaralda"]
[Date "2023.11.20"]
[Round "3.2"]
[White "Claro Molinares, Samuel David"]
[Black "Garavito, Miguel Angel"]
[Result "1/2-1/2"]
[WhiteElo "1825"]
[BlackElo "2233"]
[PlyCount "64"]
[EventDate "2023.11.19"]
[EventType "team-swiss"]
[EventRounds "7"]
[EventCountry "COL"]
[SourceTitle "CB49_2023"]
[SourceDate "2023.12.06"]
[SourceVersion "1"]
[SourceVersionDate "2023.12.06"]
[SourceQuality "1"]
[WhiteTeam "Norte de Santander"]
[BlackTeam "Tolima"]
[WhiteTeamCountry "COL"]
[BlackTeamCountry "COL"]

1. e4 e5 2. Nf3 Nc6 3. Bc4 Nf6 4. d4 exd4 5. 0-0 Nxe4 6. Re1 d5 7. Bxd5 Qxd5 8. Nc3 Qa5 9. Nxe4 Be6 10. Neg5 0-0-0 11. Nxe6 fxe6 12. Rxe6 Bd6 13. Bg5 Rde8 14. Qe2 Ne5 15. Nxd4 Rxe6 16. Nxe6 Re8 17. Bd2 Nf3+ 18. Qxf3 Qxd2 19. Qf7 Re7 20. Qf5 g6 21. Qg4 h5 22. Qe4 Bxh2+ 23. Kxh2 Qd6+ 24. Qf4 Rxe6 25. Qxd6 Rxd6 26. Kg3 Rd2 27. Rc1 Kd7 28. Kf3 Ke6 29. Ke3 Rd5 30. Rh1 Re5+ 31. Kd3 Rd5+ 32. Ke3 Ke5 1/2-1/2

[Event "Velez op 10th"]
[Site "Velez Santander"]
[Date "2023.11.05"]
[Round "10"]
[White "Soto, Cristian Camilo"]
[Black "Claro Molinares, Samuel David"]
[Result "1-0"]
[WhiteElo "2112"]
[BlackElo "1825"]
[PlyCount "69"]
[EventDate "2023.11.01"]
[EventType "swiss"]
[EventRounds "10"]
[EventCountry "COL"]
[SourceTitle "Mega2024 Update 01"]
[Source "Chessbase"]
[SourceDate "2023.11.12"]
[SourceVersion "1"]
[SourceVersionDate "2023.11.12"]
[SourceQuality "1"]

1. c4 Nf6 2. Nc3 g6 3. e4 d6 4. d4 Bg7 5. f3 0-0 6. Be3 c5 7. dxc5 dxc5 8. Qxd8 Rxd8 9. Bxc5 Nc6 10. Nd5 Nd7 11. Ba3 e6 12. Ne7+ Nxe7 13. Bxe7 Re8 14. Ba3 b6 15. 0-0-0 Ne5 16. b3 Ba6 17. Be2 Nc6 18. Bb2 e5 19. Bd3 Red8 20. Bc3 Rd7 21. a4 Rad8 22. Kc2 Bf8 23. Ne2 Bb4 24. Nc1 Bxc3 25. Kxc3 Nd4 26. Rd2 Bb7 27. Rhd1 f5 28. exf5 g5 29. Be4 Bxe4 30. fxe4 Kf7 31. Nd3 Nc6 32. Nf2 Nd4 33. Ng4 Ne2+ 34. Kc2 Nd4+ 35. Kb2 1-0

[Event "COL-ch"]
[Site "Cartagena"]
[Date "2023.06.11"]
[Round "7"]
[White "Alzate Araujo, Miguel Angel"]
[Black "Claro Molinares, Samuel David"]
[Result "0-1"]
[WhiteElo "1227"]
[BlackElo "1634"]
[PlyCount "48"]
[EventDate "2023.06.08"]
[EventType "swiss"]
[EventRounds "9"]
[EventCountry "COL"]
[SourceTitle "CBM 215 Extra"]
[Source "ChessBase"]
[SourceDate "2023.09.30"]
[SourceVersion "1"]
[SourceVersionDate "2023.09.30"]
[SourceQuality "1"]

1. d4 Nf6 2. c4 g6 3. Nc3 Bg7 4. e4 d6 5. f4 0-0 6. Nf3 c5 7. d5 e6 8. Be2 exd5 9. cxd5 Bg4 10. 0-0 Nbd7 11. h3 Bxf3 12. Bxf3 Re8 13. Re1 Qc7 14. Kh1 c4 15. Nb5 Qb8 16. Qc2 a6 17. Nd4 Nc5 18. e5 Nd3 19. Re2 dxe5 20. Qxc4 Nxc1 21. Rxe5 Rc8 22. Qf1 Nd7 23. Re4 Nc5 24. Re7 Qd6 0-1

[Event "COL-ch"]
[Site "Cartagena"]
[Date "2023.06.10"]
[Round "5"]
[White "Hernandez Jimenez, Jeronimo"]
[Black "Claro Molinares, Samuel David"]
[Result "1-0"]
[WhiteElo "2151"]
[BlackElo "1634"]
[PlyCount "149"]
[EventDate "2023.06.08"]
[EventType "swiss"]
[EventRounds "9"]
[EventCountry "COL"]
[SourceTitle "CBM 215 Extra"]
[Source "ChessBase"]
[SourceDate "2023.09.30"]
[SourceVersion "1"]
[SourceVersionDate "2023.09.30"]
[SourceQuality "1"]

1. d4 Nf6 2. Nf3 e6 3. c4 d5 4. g3 Bd6 5. Bg2 0-0 6. 0-0 h6 7. Qc2 b6 8. cxd5 exd5 9. Nc3 Re8 10. Nb5 Bb7 11. Nxd6 cxd6 12. b4 Nc6 13. Qb2 Rc8 14. Be3 Rc7 15. Rac1 Bc8 16. Rfe1 Bf5 17. Bd2 b5 18. a4 a6 19. axb5 axb5 20. Bf1 Na7 21. Qa3 Ree7 22. Qa5 Ne4 23. Rxc7 Qxc7 24. Rc1 Qb7 25. Nh4 Be6 26. Qd8+ Kh7 27. Be1 Rd7 28. Qa5 Nc6 29. Qa1 Qb6 30. e3 g6 31. Qb1 Ne7 32. Qd3 Rb7 33. f3 Nf6 34. g4 Bd7 35. Bg3 Rc7 36. Rc3 Rc4 37. Rb3 Qc6 38. Be1 Nc8 39. Rc3 Nb6 40. Qc2 Rxc3 41. Qxc3 Qxc3 42. Bxc3 Bc6 43. Ng2 Kg7 44. Bd3 Kf8 45. Kf2 Ke7 46. h4 Nc4 47. Nf4 Ne8 48. h5 g5 49. Ne2 Nf6 50. Ng3 Ke6 51. Nf5 Ng8 52. Ke2 Nb6 53. Be1 Nc8 54. Bg3 Kd7 55. e4 dxe4 56. fxe4 Kc7 57. e5 dxe5 58. Bxe5+ Kb6 59. Ke3 f6 60. Bg3 Nce7 61. Bd6 Nd5+ 62. Kd2 Nf4 63. Ne3 Nxd3 64. Kxd3 Bf3 65. d5 Kb7 66. Kd4 Kc8 67. Kc5 Kd7 68. Bf8 Be2 69. Kd4 Ke8 70. Bc5 Ne7 71. Bxe7 Kxe7 72. Nf5+ Kd7 73. Nxh6 Bd1 74. Ng8 f5 75. h6 1-0

[Event "COL-ch"]
[Site "Cartagena"]
[Date "2023.06.09"]
[Round "4"]
[White "Valle, Efrain"]
[Black "Claro Molinares, Samuel David"]
[Result "0-1"]
[WhiteElo "1961"]
[BlackElo "1634"]
[PlyCount "104"]
[EventDate "2023.06.08"]
[EventType "swiss"]
[EventRounds "9"]
[EventCountry "COL"]
[SourceTitle "CBM 215 Extra"]
[Source "ChessBase"]
[SourceDate "2023.09.30"]
[SourceVersion "1"]
[SourceVersionDate "2023.09.30"]
[SourceQuality "1"]

1. Nf3 Nf6 2. g3 e6 3. Bg2 d5 4. c4 Bd6 5. 0-0 0-0 6. b3 dxc4 7. bxc4 e5 8. Bb2 Re8 9. Nc3 c6 10. d4 exd4 11. Qxd4 Qe7 12. Rad1 Bc5 13. Qd3 Na6 14. Ng5 h6 15. Nge4 Be6 16. Nxf6+ Qxf6 17. Na4 Qg5 18. Nxc5 Nxc5 19. Qc2 Bf5 20. Qd2 Qg6 21. Ba3 Ne6 22. Qb2 Nf4 23. Rfe1 Bh3 24. Bf3 Bg4 25. Qxb7 Rab8 26. Qc7 Bxf3 27. Qxf4 Bg4 28. Rd6 f6 29. f3 Rb1 30. Qd2 Rxe1+ 31. Qxe1 Bxf3 32. Rd2 Qe4 33. e3 Rb8 34. Rb2 Rxb2 35. Bxb2 Qc2 36. Qf1 Qxb2 37. Qxf3 Qb1+ 38. Qf1 Qxa2 39. Qd3 Qa1+ 40. Kg2 Qe5 41. h4 f5 42. Kh2 a5 43. h5 a4 44. Qd7 a3 45. Qa7 Qb2+ 46. Kh3 Qb1 47. Qa8+ Kh7 48. Qxc6 f4 49. e4 Qf1+ 50. Kg4 fxg3 51. Kxg3 Qg1+ 52. Kf3 a2 0-1

[Event "COL-ch U18"]
[Site "Bogota"]
[Date "2023.05.13"]
[Round "5"]
[White "Perez Latorre, Juan Sebastian"]
[Black "Claro Molinares, Samuel David"]
[Result "0-1"]
[WhiteElo "1408"]
[BlackElo "1638"]
[PlyCount "60"]
[EventDate "2023.05.11"]
[EventType "swiss"]
[EventRounds "7"]
[EventCountry "COL"]
[SourceTitle "CBM 214 Extra"]
[Source "ChessBase"]
[SourceDate "2023.07.31"]
[SourceVersion "1"]
[SourceVersionDate "2023.07.31"]
[SourceQuality "1"]

1. e4 c5 2. Nf3 d6 3. c3 Nf6 4. Be2 g6 5. 0-0 Bg7 6. h3 0-0 7. d3 Nc6 8. Be3 Rb8 9. Nbd2 Nd7 10. d4 Qc7 11. Rc1 e6 12. Nb3 b6 13. Qd3 Rd8 14. Rfd1 Bb7 15. Qc2 h6 16. Rd2 Nf6 17. Rcd1 Ne7 18. e5 dxe5 19. dxc5 Nfd5 20. cxb6 axb6 21. Qc1 Nf5 22. Bb5 e4 23. Nfd4 Ndxe3 24. fxe3 Nxe3 25. Nxe6 Rxd2 26. Qxd2 Qg3 27. Nxg7 Nxd1 28. Qxd1 e3 29. Qe2 Kxg7 30. Nd4 Rd8 0-1

[Event "COL Subzt 2.3.4"]
[Site "Risarald"]
[Date "2021.11.24"]
[Round "3"]
[White "Claro Molinares, Samuel David"]
[Black "Contreras Gonzalez, Cristian David"]
[Result "1-0"]
[WhiteElo "1530"]
[BlackElo "1186"]
[PlyCount "35"]
[EventDate "2021.11.23"]
[EventType "swiss"]
[EventRounds "9"]
[EventCountry "COL"]
[SourceTitle "CBM 205 Extra"]
[Source "ChessBase"]
[SourceDate "2022.01.31"]
[SourceVersion "1"]
[SourceVersionDate "2022.01.31"]
[SourceQuality "1"]

1. e4 e5 2. Nf3 Nc6 3. Bc4 Bc5 4. 0-0 Nf6 5. d4 exd4 6. e5 Ng8 7. Re1 Nge7 8. Ng5 0-0 9. Qh5 h6 10. Nxf7 Rxf7 11. Qxf7+ Kh8 12. Qh5 d5 13. exd6 Qxd6 14. Qe8+ Kh7 15. Bd3+ Ng6 16. Nd2 Rb8 17. Ne4 Qe7 18. Ng5+ 1-0

[Event "Cucuta Unicentro Cup"]
[Site "Cucuta"]
[Date "2021.09.21"]
[Round "7"]
[White "Pena Castro, Junior Orlando"]
[Black "Claro Molinares, Samuel David"]
[Result "0-1"]
[WhiteElo "1497"]
[BlackElo "1638"]
[PlyCount "60"]
[EventDate "2021.09.18"]
[EventType "swiss"]
[EventRounds "7"]
[EventCountry "COL"]
[SourceTitle "EXT 2023"]
[Source "ChessBase"]
[SourceDate "2022.10.05"]
[SourceVersion "1"]
[SourceVersionDate "2022.10.05"]
[SourceQuality "1"]

1. Nf3 Nf6 2. c4 g6 3. Nc3 Bg7 4. d4 d6 5. e4 0-0 6. Be2 e5 7. d5 a5 8. 0-0 Na6 9. Rb1 Nc5 10. Qc2 Nfxe4 11. Nxe4 Nxe4 12. b4 axb4 13. Rxb4 Nc5 14. Be3 Bf5 15. Qd2 b6 16. Ne1 Ra3 17. g4 Bd7 18. Ng2 Qa8 19. Rb2 Ne4 20. Qc2 Nc3 21. f3 e4 22. fxe4 Nxe4 23. Rb3 Nc5 24. Rb2 Re8 25. Bc1 Qa4 26. Bd1 Qxc2 27. Rxc2 Ra6 28. Kh1 Rea8 29. Rcf2 Be8 30. a3 Nd3 0-1

[Event "Cucuta Unicentro Cup"]
[Site "Cucuta"]
[Date "2021.09.18"]
[Round "3"]
[White "Morales Perez, Ghisell"]
[Black "Claro Molinares, Samuel David"]
[Result "1/2-1/2"]
[WhiteElo "1326"]
[BlackElo "1638"]
[PlyCount "34"]
[EventDate "2021.09.18"]
[EventType "swiss"]
[EventRounds "7"]
[EventCountry "COL"]
[SourceTitle "EXT 2023"]
[Source "ChessBase"]
[SourceDate "2022.10.05"]
[SourceVersion "1"]
[SourceVersionDate "2022.10.05"]
[SourceQuality "1"]

1. d4 Nf6 2. Bf4 d5 3. Nf3 c5 4. e3 Nc6 5. c3 e6 6. Nbd2 Bd6 7. Bg3 0-0 8. Bd3 b6 9. 0-0 Bb7 10. Qe2 Ne7 11. Rfe1 Nf5 12. Be5 Be7 13. Rad1 Nd6 14. h3 Nfe4 15. Bxe4 dxe4 16. Nh2 Qc8 17. Qg4 Ne8 1/2-1/2